Reproductive health : (Record no. 10221)

MARC details
000 -LEADER
fixed length control field 00459cam a2200169 4500
001 - CONTROL NUMBER
control field 6680
005 - DATE AND TIME OF LATEST TRANSACTION
control field 20250411152819.0
008 - FIXED-LENGTH DATA ELEMENTS--GENERAL INFORMATION
fixed length control field 250411b |||||||| |||| 00| 0 eng d
010 ## - LIBRARY OF CONGRESS CONTROL NUMBER
LC control number 2016297775
082 ## - DEWEY DECIMAL CLASSIFICATION NUMBER
Classification number 613.9 MoH
110 ## - MAIN ENTRY--CORPORATE NAME
Relator code Ministry of Health.
245 04 - TITLE STATEMENT
Title Reproductive health :
Medium beyond the birds and the bees.
250 ## - EDITION STATEMENT
Edition statement 2nd ed.
264 #1 - PRODUCTION, PUBLICATION, DISTRIBUTION, MANUFACTURE, AND COPYRIGHT NOTICE
Place of production, publication, distribution, manufacture Thimphu :
Name of producer, publisher, distributor, manufacturer Ministry of Health,
Date of production, publication, distribution, manufacture, or copyright notice 2009.
300 ## - PHYSICAL DESCRIPTION
Extent 84 p. ;
Dimensions 25 cm.
Other physical details ill. ;
942 ## - ADDED ENTRY ELEMENTS (KOHA)
Source of classification or shelving scheme Dewey Decimal Classification
Koha item type Main
Holdings
Withdrawn status Lost status Source of classification or shelving scheme Damaged status Not for loan Collection code Home library Current library Shelving location Date acquired Inventory number Total Checkouts Full call number Barcode Date last seen Price effective from Koha item type Public note
    Dewey Decimal Classification     Main TEST RTC Library RTC Library Main opac 11/04/2025 19272   613.9 MoH 30020491 11/04/2025 11/04/2025 Main Donated by Sonam Peldon, Faculty.
Royal Thimphu College || All Right Reserved